LIBRARY ONLINE CATALOGUE

Quantitative techniques simplified / (Record no. 321)

MARC details
000 -LEADER
fixed length control field 00905cam a22002532 4500
001 - CONTROL NUMBER
control field 0000001283
005 - DATE AND TIME OF LATEST TRANSACTION
control field 20151021151051.0
008 - FIXED-LENGTH DATA ELEMENTS--GENERAL INFORMATION
fixed length control field 070228s xx 000 0 eng d
020 ## - INTERNATIONAL STANDARD BOOK NUMBER
International Standard Book Number 9966280170 :
Terms of availability KES 760
040 ## - CATALOGING SOURCE
Original cataloging agency KABU
Transcribing agency KABU
050 #0 - LIBRARY OF CONGRESS CALL NUMBER
Classification number HB135
Item number .S25 1997
100 1# - MAIN ENTRY--PERSONAL NAME
Personal name Saleemi, Nisar Ahmad.
-- 0000151299
245 10 - TITLE STATEMENT
Title Quantitative techniques simplified /
Statement of responsibility, etc. Nisar Ahmad Saleemi.
260 ## - PUBLICATION, DISTRIBUTION, ETC. (IMPRINT)
Place of publication, distribution, etc. Nairobi :
Name of publisher, distributor, etc. N. A. Saleemi,
Date of publication, distribution, etc. 1997.
300 ## - PHYSICAL DESCRIPTION
Extent 650 p. ;
Dimensions 21 cm.
650 #0 - SUBJECT ADDED ENTRY--TOPICAL TERM
Topical term or geographic name as entry element Economics, Mathematical.
-- 0000149913
650 #0 - SUBJECT ADDED ENTRY--TOPICAL TERM
Topical term or geographic name as entry element Statistics.
-- 0000149871
852 1# - LOCATION
-- p1150 KES
852 1# - LOCATION
-- p1150 KES
908 ## - PUT COMMAND PARAMETER (RLIN)
Put command parameter 070228
950 ## - LOCAL HOLDINGS (RLIN)
-- 1
Holdings
Withdrawn status Lost status Source of classification or shelving scheme Damaged status Not for loan Home library Current library Date acquired Total Checkouts Full call number Barcode Date last seen Date last checked out Price effective from Koha item type Total Renewals Checked out
    Library of Congress Classification     Kabarak, Nakuru City Campus KABARAK UNIVERSITY TVET STUDENTS 21/10/2015 5 HB135 .S25 1997 c. 3 028013 18/03/2026 02/03/2026 21/10/2015 General Collection    
    Library of Congress Classification     Kabarak, Nakuru City Campus Kabarak, Main Campus 21/10/2015 8 HB135 .S25 1997 c. 4 015604 23/06/2025 12/06/2025 21/10/2015 General Collection 1  
    Library of Congress Classification     Kabarak, Main Campus Kabarak, Main Campus 17/12/2015 15 HB135 .S25 1997 c. 1 001408 02/08/2024 17/01/2023 17/12/2015 General Collection 1  
    Library of Congress Classification     Kabarak, Main Campus Kabarak, Main Campus 17/12/2015   HB135 .S25 1997 c. 5 001412 17/12/2015   17/12/2015 General Collection    
    Library of Congress Classification     Kabarak, Main Campus Kabarak, Main Campus 17/12/2015 18 HB135 .S25 1997 c. 2 001411 02/08/2024 30/01/2024 17/12/2015 General Collection 1  
  Lost Library of Congress Classification     Kabarak, Main Campus Kabarak, Main Campus 17/12/2015 1 HB135 .S25 1997 c. 7 015340 25/02/2016 25/02/2016 17/12/2015 General Collection    
    Library of Congress Classification     Kabarak, Main Campus Kabarak, Main Campus 17/12/2015 1 HB135 .S25 1997 c. 4 001409 18/04/2016 14/04/2016 17/12/2015 General Collection    
    Library of Congress Classification     Kabarak, Main Campus Kabarak, Main Campus 17/12/2015 29 HB135 .S25 1997 c. 6 015337 23/06/2026 23/06/2026 17/12/2015 General Collection 11 09/07/2026
    Library of Congress Classification     Kabarak, Main Campus Kabarak, Main Campus 17/12/2015 13 HB135 .S25 1997 c. 3 001410 02/08/2024 25/11/2021 17/12/2015 General Collection 1  
    Library of Congress Classification     Kabarak, Nairobi City Campus Kabarak, Nairobi City Campus 21/10/2015 1 HB135 .S25 1997 c. 1 20103 28/01/2016 25/01/2016 21/10/2015 General Collection    
  Lost Library of Congress Classification     Kabarak, Nairobi City Campus Kabarak, Nairobi City Campus 21/10/2015 1 HB135 .S25 1997 c. 2 20104 25/01/2016 25/01/2016 21/10/2015 General Collection    
  Lost Library of Congress Classification     Kabarak, Nakuru City Campus Kabarak, Nakuru City Campus 21/10/2015 1 HB135 .S25 1997 c. 1 005840 25/01/2016 25/01/2016 21/10/2015 General Collection    
    Library of Congress Classification     Kabarak, Nakuru City Campus Kabarak, Nakuru City Campus 21/10/2015 30 HB135 .S25 1997 c. 2 010678 29/10/2022 01/10/2022 21/10/2015 General Collection 1